| 000 | 00602aas a2200181 4500 | ||
|---|---|---|---|
| 999 |
_c50120 _d50120 |
||
| 001 | 768714001 | ||
| 003 | CO-MdFUSB | ||
| 005 | 20170913082936.0 | ||
| 008 | 170913s2002 ag ||||| |||| 00| 0 spa d | ||
| 022 | _a0326-6737 | ||
| 040 |
_aCO-MdFUSB _bspa _cCO-MdFUSB _dCO-MdFUSB |
||
| 041 | _aspa | ||
| 100 | 1 |
_aSalomon, Alvaro Michelin _eautor |
|
| 245 | 1 | 0 |
_aReflecxiones pastorales sobre algunos salmos _c/ Salomon, Alvaro Michelin |
| 300 |
_aVolumen 20 (2001), páginas 259-274 _c: 23 cm. |
||
| 773 | 0 |
_tCuadernos de Teología _049404 _959701 _gVolumen 20 (2001), páginas 259-274 _qPágina 259 |
|
| 942 | _cANA | ||